[Event "Baltic Sea Cup"]
[Site "Ronne"]
[Date "2007.07.31"]
[Round "2.12"]
[White "Pedersen, Martin Rosenkilde"]
[Black "Rasmussen, Allan Stig"]
[Result "1/2-1/2"]
[WhiteElo "2163"]
[BlackElo "2450"]
[PlyCount "62"]
[EventDate "2007.??.??"]
[EventType "swiss"]
[EventRounds "9"]
[EventCountry "DEN"]
[SourceDate "2005.12.01"]
[WhiteTeam "Denmark"]
[BlackTeam "Denmark"]
[WhiteTeamCountry "DEN"]
[BlackTeamCountry "DEN"]

1. e4 c6 2. c4 d5 3. cxd5 cxd5 4. exd5 Nf6 5. Nc3 Nxd5 6. Nf3 e6 7. Bc4 Nc6 8.
O-O Be7 9. d4 O-O 10. Re1 a6 11. Bb3 Nf6 12. Bf4 Na5 13. d5 Nxb3 14. Qxb3 exd5
15. Rad1 Be6 16. Qxb7 Bc5 17. Nd4 Re8 18. h3 Qd7 19. Qxd7 Nxd7 20. a3 Rac8 21.
Nxe6 fxe6 22. Ne4 a5 23. Nxc5 Nxc5 24. b4 axb4 25. axb4 Ne4 26. Be5 Nc3 27.
Bxc3 Rxc3 28. Rxd5 exd5 29. Rxe8+ Kf7 30. Rd8 Rb3 31. Rxd5 Rxb4 1/2-1/2

[Event "Baltic Sea Cup"]
[Site "Ronne"]
[Date "2007.07.31"]
[Round "2.13"]
[White "Kristiansen, Jens"]
[Black "Christiansen, Jens Jorgen"]
[Result "1-0"]
[WhiteElo "2436"]
[BlackElo "2159"]
[PlyCount "51"]
[EventDate "2007.??.??"]
[EventType "swiss"]
[EventRounds "9"]
[EventCountry "DEN"]
[SourceDate "2005.12.01"]
[WhiteTeam "Denmark"]
[BlackTeam "Denmark"]
[WhiteTeamCountry "DEN"]
[BlackTeamCountry "DEN"]

1. d4 d5 2. c4 c6 3. Nf3 Nf6 4. Nc3 dxc4 5. a4 Na6 6. e4 Bg4 7. Bxc4 e6 8. O-O
Nb4 9. Be3 Be7 10. Rc1 a5 11. h3 Bh5 12. g4 Bg6 13. Ne5 Bxe4 14. g5 Bf5 15.
gxf6 gxf6 16. Nd3 Bxh3 17. Qh5 Nxd3 18. Qxh3 Nxc1 19. Rxc1 f5 20. d5 Rg8+ 21.
Kf1 Qd6 22. dxe6 fxe6 23. Qh5+ Rg6 24. Qxh7 Rf6 25. Rd1 Qb4 26. Bxe6 1-0

[Event "Baltic Sea Cup"]
[Site "Ronne"]
[Date "2007.07.31"]
[Round "2.14"]
[White "Holm, Ragnar"]
[Black "Glud, Jakob Vang"]
[Result "0-1"]
[WhiteElo "2153"]
[BlackElo "2435"]
[PlyCount "74"]
[EventDate "2007.??.??"]
[EventType "swiss"]
[EventRounds "9"]
[EventCountry "DEN"]
[SourceDate "2005.12.01"]
[WhiteTeam "Denmark"]
[BlackTeam "Denmark"]
[WhiteTeamCountry "DEN"]
[BlackTeamCountry "DEN"]

1. d4 d5 2. c4 e6 3. Nc3 Be7 4. cxd5 exd5 5. Nf3 c6 6. Bf4 Bf5 7. e3 Nf6 8. Bd3
Bxd3 9. Qxd3 O-O 10. O-O Nh5 11. Bg3 Nd7 12. Ne5 Nb6 13. f4 f6 14. Nf3 Nxg3 15.
hxg3 Bb4 16. e4 Bxc3 17. bxc3 dxe4 18. Qxe4 Re8 19. Qc2 Qd5 20. Rfe1 Nc4 21.
Kf1 Nd6 22. Nd2 c5 23. Qb3 c4 24. Qc2 b5 25. a3 a5 26. Rab1 Nf5 27. Kf2 Nd6 28.
Kf1 Rad8 29. Nf3 Ne4 30. g4 Re7 31. Nd2 Rde8 32. Kg1 Ng3 33. Rxe7 Rxe7 34. Nf3
Re2 35. Qd1 Qe4 36. Rxb5 Qe3+ 37. Kh2 Qxf3 0-1

[Event "Baltic Sea Cup"]
[Site "Ronne"]
[Date "2007.07.31"]
[Round "2.15"]
[White "Hindenes, Andreas Kvinge"]
[Black "Bromann, Thorbjorn"]
[Result "0-1"]
[WhiteElo "1664"]
[BlackElo "2413"]
[PlyCount "34"]
[EventDate "2007.??.??"]
[EventType "swiss"]
[EventRounds "9"]
[EventCountry "DEN"]
[SourceDate "2005.12.01"]
[WhiteTeam "Denmark"]
[BlackTeam "Denmark"]
[WhiteTeamCountry "DEN"]
[BlackTeamCountry "DEN"]

1. e4 g6 2. d4 Bg7 3. Nf3 d6 4. c4 e5 5. Be2 Nc6 6. d5 Nce7 7. Nc3 f5 8. O-O
Nf6 9. Nd2 f4 10. b4 g5 11. f3 c6 12. Nb3 h5 13. h3 cxd5 14. Nxd5 Nexd5 15.
cxd5 g4 16. hxg4 Qb6+ 17. Rf2 hxg4 0-1

[Event "Baltic Sea Cup"]
[Site "Ronne"]
[Date "2007.07.31"]
[Round "2.16"]
[White "Radil, Casper"]
[Black "Lund, Esben"]
[Result "0-1"]
[WhiteElo "2107"]
[BlackElo "2396"]
[PlyCount "144"]
[EventDate "2007.??.??"]
[EventType "swiss"]
[EventRounds "9"]
[EventCountry "DEN"]
[SourceDate "2005.12.01"]
[WhiteTeam "Denmark"]
[BlackTeam "Denmark"]
[WhiteTeamCountry "DEN"]
[BlackTeamCountry "DEN"]

1. e4 e5 2. Nf3 Nc6 3. Bb5 Nf6 4. O-O Nxe4 5. Re1 Nd6 6. Nxe5 Be7 7. Bd3 O-O 8.
Nc3 Nxe5 9. Rxe5 c6 10. b3 Ne8 11. Qf3 d5 12. Bb2 Bf6 13. Re2 Nc7 14. Ba3 Ne6
15. Qg3 Nd4 16. Ree1 Re8 17. Rxe8+ Qxe8 18. Kf1 Bf5 19. Bxf5 Nxf5 20. Qc7 Nd4
21. Re1 Qc8 22. Qxc8+ Rxc8 23. Rc1 Re8 24. Nd1 h5 25. Bb2 Kh7 26. Ne3 Nxb3 27.
axb3 Bxb2 28. Rb1 Be5 29. b4 a6 30. h3 Kg6 31. g3 f5 32. f4 Bd4 33. Kg2 Bf6 34.
h4 Kf7 35. c3 Ke6 36. d4 Kd7 37. Kf2 Kc7 38. Ke2 g6 39. Kd2 b6 40. Ra1 Kb7 41.
Kd3 Be7 42. Nc2 Bd6 43. Rb1 Kc7 44. Ra1 Ra8 45. c4 dxc4+ 46. Kxc4 a5 47. bxa5
bxa5 48. d5 cxd5+ 49. Kxd5 a4 50. Nd4 Ra5+ 51. Kc4 a3 52. Nb5+ Kc6 53. Nc3 Bf8
54. Ra2 Bg7 55. Kb4 Bxc3+ 56. Kxc3 Kc5 57. Rc2 a2 58. Kb2+ Kd4 59. Ka1 Ra3 60.
Rc6 Rxg3 61. Re6 Rg4 62. Kxa2 Rxf4 63. Rxg6 Rxh4 64. Kb2 Kd3 65. Rg3+ Ke2 66.
Kc2 f4 67. Rg5 f3 68. Re5+ Kf1 69. Kd2 f2 70. Rg5 Rg4 71. Rf5 Kg1 72. Ke2 Rg8
0-1

[Event "Baltic Sea Cup"]
[Site "Ronne"]
[Date "2007.07.31"]
[Round "2.17"]
[White "Jayaram, Ashwin"]
[Black "Stovring, Claus"]
[Result "1-0"]
[WhiteElo "2399"]
[BlackElo "2089"]
[PlyCount "39"]
[EventDate "2007.??.??"]
[EventType "swiss"]
[EventRounds "9"]
[EventCountry "DEN"]
[SourceDate "2005.12.01"]
[WhiteTeam "Denmark"]
[BlackTeam "Denmark"]
[WhiteTeamCountry "DEN"]
[BlackTeamCountry "DEN"]

1. e4 e5 2. Nf3 Nf6 3. Nxe5 d6 4. Nf3 Nxe4 5. d4 d5 6. Bd3 Be7 7. O-O Nc6 8.
Nc3 Bg4 9. Nxe4 Bxf3 10. Qxf3 Nxd4 11. Qe3 dxe4 12. Qxe4 c6 13. Re1 Ne6 14. Bc4
Nc5 15. Qe5 Kf8 16. Bh6 f6 17. Bxg7+ Kxg7 18. Qxe7+ Qxe7 19. Rxe7+ Kg6 20. b4
1-0

[Event "Baltic Sea Cup"]
[Site "Ronne"]
[Date "2007.07.31"]
[Round "2.18"]
[White "Hirneise, Jens"]
[Black "Matthiesen, Martin"]
[Result "1-0"]
[WhiteElo "2090"]
[BlackElo "2363"]
[PlyCount "165"]
[EventDate "2007.??.??"]
[EventType "swiss"]
[EventRounds "9"]
[EventCountry "DEN"]
[SourceDate "2005.12.01"]
[WhiteTeam "Denmark"]
[BlackTeam "Denmark"]
[WhiteTeamCountry "DEN"]
[BlackTeamCountry "DEN"]

1. e4 c5 2. Nf3 e6 3. d4 cxd4 4. Nxd4 a6 5. Nc3 Qc7 6. Bd3 Nf6 7. f4 Bb4 8. O-O
Bc5 9. Nce2 Nc6 10. c3 d6 11. Kh1 Bd7 12. Qe1 e5 13. Nb3 Ba7 14. Qg3 O-O-O 15.
fxe5 dxe5 16. Bg5 Rhg8 17. Qh4 Be6 18. Bc2 Ne7 19. Bxf6 gxf6 20. h3 Rg7 21.
Rxf6 Rdg8 22. g4 Kb8 23. Rf3 Bc4 24. Ng3 Ng6 25. Qf6 Nf4 26. Nd2 Be6 27. Nf5
Bxf5 28. exf5 h5 29. Rg3 hxg4 30. Rxg4 Rxg4 31. hxg4 Qc6+ 32. Ne4 Rxg4 33.
Qxe5+ Qc7 34. Qh8+ Qc8 35. Qh2 Ka8 36. Rf1 Qxf5 37. Rd1 Qe5 38. Rd8+ Bb8 39.
Qh8 f6 40. Re8 Qc7 41. Nxf6 Rg5 42. Be4 Qd6 43. Rd8 Qe5 44. Qe8 Ne6 45. Rxb8+
Qxb8 46. Qxe6 Qh8+ 47. Nh7 Rh5+ 48. Kg2 Rxh7 49. Qxa6+ Kb8 50. Qd6+ Ka7 51.
Bxh7 Qxh7 52. Qd4+ Kb8 53. Qf4+ Ka7 54. a3 Qg6+ 55. Qg3 Qe4+ 56. Qf3 Qg6+ 57.
Kh2 Qc2+ 58. Qg2 Qh7+ 59. Kg3 Qd3+ 60. Qf3 Qg6+ 61. Kf2 Qc2+ 62. Qe2 Qf5+ 63.
Ke3 Qb1 64. Kd4 Qg1+ 65. Kc4 Qg8+ 66. Kb4 Qa2 67. Qe3+ Ka8 68. b3 Kb8 69. Qf4+
Kc8 70. c4 Kd7 71. a4 Kc8 72. Qg4+ Kb8 73. Qg3+ Ka7 74. Qe3+ Kb8 75. Kb5 Qg2
76. Qe8+ Ka7 77. Qd7 Qf3 78. Qd4+ Kb8 79. Kb4 Qh1 80. Qe5+ Ka8 81. a5 Qg2 82.
Qd5 Qg6 83. Qd8+ 1-0

[Event "Baltic Sea Cup"]
[Site "Ronne"]
[Date "2007.07.31"]
[Round "2.19"]
[White "Zozulia, Anna"]
[Black "Schmitz, Andreas Arnold"]
[Result "1-0"]
[WhiteElo "2332"]
[BlackElo "2081"]
[PlyCount "105"]
[EventDate "2007.??.??"]
[EventType "swiss"]
[EventRounds "9"]
[EventCountry "DEN"]
[SourceDate "2005.12.01"]
[WhiteTeam "Denmark"]
[BlackTeam "Denmark"]
[WhiteTeamCountry "DEN"]
[BlackTeamCountry "DEN"]

1. e4 e6 2. d4 d5 3. Nd2 Nf6 4. e5 Nfd7 5. Bd3 c5 6. c3 Nc6 7. Ne2 cxd4 8. cxd4
Qb6 9. Nf3 f6 10. exf6 Nxf6 11. O-O Bd6 12. a3 O-O 13. Nc3 Kh8 14. Bc2 Bd7 15.
Bg5 Be8 16. Re1 Bh5 17. Rxe6 Bxf3 18. gxf3 Qxb2 19. Na4 Bxh2+ 20. Kxh2 Qxd4 21.
Kg2 Ng4 22. Be3 Nxe3+ 23. fxe3 Qh4 24. Qh1 Qxh1+ 25. Rxh1 h6 26. Nc5 Nd8 27.
Rd6 Rc8 28. Rxd5 b6 29. Rhh5 bxc5 30. Rd7 Ne6 31. Re5 Rcd8 32. Rxd8 Rxd8 33.
Bf5 Ng5 34. Rxc5 Rf8 35. f4 Nf7 36. Bg6 Nd6 37. f5 Rc8 38. Ra5 Nc4 39. Rxa7
Nxe3+ 40. Kf3 Nd5 41. a4 Nc7 42. Ke4 Ne8 43. a5 Nf6+ 44. Kd4 h5 45. a6 h4 46.
Rb7 h3 47. a7 Nd7 48. Bh5 h2 49. Bf3 Rc4+ 50. Kxc4 Ne5+ 51. Kc3 Nxf3 52. a8=Q+
Kh7 53. Rb8 1-0

[Event "Baltic Sea Cup"]
[Site "Ronne"]
[Date "2007.07.31"]
[Round "2.20"]
[White "Carlstedt, Jonathan"]
[Black "Brinck Claussen, Bjorn"]
[Result "1/2-1/2"]
[WhiteElo "2083"]
[BlackElo "2324"]
[PlyCount "57"]
[EventDate "2007.??.??"]
[EventType "swiss"]
[EventRounds "9"]
[EventCountry "DEN"]
[SourceDate "2005.12.01"]
[WhiteTeam "Denmark"]
[BlackTeam "Denmark"]
[WhiteTeamCountry "DEN"]
[BlackTeamCountry "DEN"]

1. c4 Nf6 2. Nf3 c5 3. g3 b6 4. Bg2 Bb7 5. Nc3 g6 6. b3 Bg7 7. Bb2 O-O 8. O-O
Na6 9. d3 d5 10. cxd5 Nxd5 11. Qd2 Nac7 12. Nxd5 Bxd5 13. Bxg7 Kxg7 14. Qb2+
Kg8 15. d4 cxd4 16. Rfd1 Qc8 17. Rxd4 Qb7 18. Rad1 Rac8 19. Qd2 Bc6 20. Qh6 f6
21. Bh3 Rce8 22. Nh4 Rf7 23. Rd8 e5 24. Rxe8+ Bxe8 25. Rd8 Qe4 26. Rxe8+ Nxe8
27. Be6 Qb1+ 28. Kg2 Qe4+ 29. Kg1 1/2-1/2

[Event "Baltic Sea Cup"]
[Site "Ronne"]
[Date "2007.07.31"]
[Round "2.21"]
[White "Cabrera Trujillo, Jorge"]
[Black "Skjoldager, Nicklas"]
[Result "1-0"]
[WhiteElo "2324"]
[BlackElo "2077"]
[PlyCount "89"]
[EventDate "2007.??.??"]
[EventType "swiss"]
[EventRounds "9"]
[EventCountry "DEN"]
[SourceDate "2005.12.01"]
[WhiteTeam "Denmark"]
[BlackTeam "Denmark"]
[WhiteTeamCountry "DEN"]
[BlackTeamCountry "DEN"]

1. e4 d5 2. exd5 Nf6 3. d4 Qxd5 4. Nf3 Bf5 5. c4 Qd8 6. Nc3 e6 7. Be2 c6 8. O-O
Be7 9. h3 O-O 10. Bf4 Nbd7 11. Qb3 Qb6 12. Qxb6 Nxb6 13. Nh4 Bg6 14. Nxg6 hxg6
15. Rfd1 Rfd8 16. b3 Rd7 17. Bf3 Rad8 18. Be3 Bb4 19. Rac1 Bxc3 20. Rxc3 e5 21.
d5 cxd5 22. Bxb6 axb6 23. Bxd5 Nxd5 24. Rxd5 Rxd5 25. cxd5 Rd7 26. Rc8+ Kh7 27.
Kf1 g5 28. d6 Kg6 29. Rc7 Rxd6 30. Rxb7 f5 31. Rc7 Kf6 32. Ke2 g6 33. a4 Ke6
34. Rc3 Kd5 35. Rd3+ Ke6 36. Rxd6+ Kxd6 37. Kd3 Kc5 38. Kc3 e4 39. g4 Kd5 40.
b4 Ke5 41. a5 bxa5 42. bxa5 Kd5 43. a6 Kc6 44. Kc4 Kb6 45. Kd5 1-0

[Event "Baltic Sea Cup"]
[Site "Ronne"]
[Date "2007.07.31"]
[Round "2.22"]
[White "Andersen, Lars Ren"]
[Black "Kleiman, Jake"]
[Result "0-1"]
[WhiteElo "2081"]
[BlackElo "2312"]
[PlyCount "74"]
[EventDate "2007.??.??"]
[EventType "swiss"]
[EventRounds "9"]
[EventCountry "DEN"]
[SourceDate "2005.12.01"]
[WhiteTeam "Denmark"]
[BlackTeam "Denmark"]
[WhiteTeamCountry "DEN"]
[BlackTeamCountry "DEN"]

1. e4 c5 2. Nf3 e6 3. d4 cxd4 4. Nxd4 a6 5. c4 Nf6 6. Bd3 Nc6 7. Nxc6 dxc6 8.
O-O e5 9. Nc3 Be6 10. Qe2 Bc5 11. Be3 Bxe3 12. Qxe3 Ng4 13. Qe2 Qd4 14. Rfd1
Nf6 15. Qe1 O-O 16. Bf1 Qa7 17. b4 b5 18. c5 a5 19. a3 Bb3 20. Rdb1 a4 21. Be2
Rad8 22. Bd1 Be6 23. Bc2 Qe7 24. f3 Nh5 25. Qe3 Bc4 26. Rd1 Nf4 27. Rxd8 Rxd8
28. Rd1 Rxd1+ 29. Nxd1 Ne2+ 30. Kh1 Qh4 31. Qd2 Ng3+ 32. Kg1 Nf1 33. Qd6 Qxh2+
34. Kf2 Qg3+ 35. Kg1 h5 36. Bd3 Nd2 37. Nb2 Nxf3+ 0-1

[Event "Baltic Sea Cup"]
[Site "Ronne"]
[Date "2007.07.31"]
[Round "2.23"]
[White "Palm, Nicolaj Lars"]
[Black "Glibstrup, Jakob"]
[Result "1-0"]
[WhiteElo "2308"]
[BlackElo "1939"]
[PlyCount "71"]
[EventDate "2007.??.??"]
[EventType "swiss"]
[EventRounds "9"]
[EventCountry "DEN"]
[SourceDate "2005.12.01"]
[WhiteTeam "Denmark"]
[BlackTeam "Denmark"]
[WhiteTeamCountry "DEN"]
[BlackTeamCountry "DEN"]

1. d4 Nf6 2. Nf3 g6 3. b3 Bg7 4. Bb2 O-O 5. Nbd2 d6 6. c4 c5 7. g3 cxd4 8. Nxd4
e5 9. Nb5 Bd7 10. Bg2 Bxb5 11. cxb5 e4 12. O-O d5 13. Nb1 Re8 14. Nc3 d4 15.
Na4 Nh5 16. Rc1 a6 17. b6 Nc6 18. Rc4 f5 19. Qa1 Qe7 20. Nc5 Rac8 21. Na4 Rcd8
22. Nc5 Rc8 23. Na4 Rcd8 24. Qc1 Be5 25. Nc5 Nb8 26. Rd1 Nd7 27. Nxb7 Rb8 28.
Rc7 Bxc7 29. bxc7 Rbc8 30. Qc4+ Kh8 31. Qxd4+ Qe5 32. Qxe5+ Nxe5 33. Bxe5+ Rxe5
34. Rd8+ Re8 35. Rxe8+ Rxe8 36. Nd8 1-0

[Event "Baltic Sea Cup"]
[Site "Ronne"]
[Date "2007.07.31"]
[Round "2.24"]
[White "Hoffmann, Steffen"]
[Black "Carstensen, Jacob"]
[Result "0-1"]
[WhiteElo "2076"]
[BlackElo "2304"]
[PlyCount "106"]
[EventDate "2007.??.??"]
[EventType "swiss"]
[EventRounds "9"]
[EventCountry "DEN"]
[SourceDate "2005.12.01"]
[WhiteTeam "Denmark"]
[BlackTeam "Denmark"]
[WhiteTeamCountry "DEN"]
[BlackTeamCountry "DEN"]

1. e4 c5 2. Nf3 d6 3. d4 cxd4 4. Nxd4 Nf6 5. Nc3 a6 6. g3 e5 7. Nde2 Be7 8. Bg2
O-O 9. O-O b5 10. h3 Bb7 11. g4 b4 12. Nd5 Nxd5 13. exd5 Nd7 14. Ng3 Re8 15. a3
a5 16. Be3 Qc7 17. Qd2 Nb6 18. b3 Rec8 19. axb4 axb4 20. Rfd1 Rxa1 21. Rxa1 Ra8
22. Rxa8+ Bxa8 23. Qxb4 Nxd5 24. Qc4 Qxc4 25. bxc4 Nxe3 26. fxe3 Bxg2 27. Kxg2
f6 28. Kf3 Kf7 29. Ke4 Ke6 30. h4 Bd8 31. h5 g6 32. hxg6 hxg6 33. Kd3 f5 34.
gxf5+ gxf5 35. e4 f4 36. Nf5 Kd7 37. Ke2 Kc6 38. Kd3 Bg5 39. Ng7 Bf6 40. Nf5
Kc5 41. Kc3 Bd8 42. Kd3 Ba5 43. Nh4 Be1 44. Nf3 Bf2 45. Nd2 Kb4 46. Nf3 Ka3 47.
Ng5 Bc5 48. Nf3 Kb2 49. Ng5 Kc1 50. Nf3 Kd1 51. c3 Ba7 52. Ng5 Ke1 53. Nf3+ Kf2
0-1

[Event "Baltic Sea Cup"]
[Site "Ronne"]
[Date "2007.07.31"]
[Round "2.25"]
[White "Grand, Hans Henrik"]
[Black "Bach, Matthias"]
[Result "0-1"]
[WhiteElo "2076"]
[BlackElo "2301"]
[PlyCount "70"]
[EventDate "2007.??.??"]
[EventType "swiss"]
[EventRounds "9"]
[EventCountry "DEN"]
[SourceDate "2005.12.01"]
[WhiteTeam "Denmark"]
[BlackTeam "Denmark"]
[WhiteTeamCountry "DEN"]
[BlackTeamCountry "DEN"]

1. e4 c5 2. Nf3 Nf6 3. e5 Nd5 4. Nc3 e6 5. Nxd5 exd5 6. d4 Nc6 7. c3 d6 8. exd6
Bxd6 9. dxc5 Bxc5 10. Be2 O-O 11. O-O Bf5 12. Bf4 Re8 13. Qd2 Be4 14. Be3 Bd6
15. Bf4 Bxf4 16. Qxf4 Qb6 17. Qd2 Rad8 18. Rad1 a6 19. Rfe1 h6 20. b3 Re7 21.
Nd4 Rc7 22. Nc2 Qa5 23. Ne3 Rdd7 24. Qb2 d4 25. cxd4 Nxd4 26. Bf1 Qg5 27. Kh1
Qh4 28. Rc1 b5 29. a4 f5 30. axb5 axb5 31. f3 Bb7 32. Qb1 Qf2 33. Nxf5 Nxf3 34.
Nxh6+ Kh8 35. Bxb5 Nxe1 0-1

[Event "Baltic Sea Cup"]
[Site "Ronne"]
[Date "2007.07.31"]
[Round "2.26"]
[White "Hirneise, Tobias"]
[Black "Nielsen, Rasmus Lundberg"]
[Result "1/2-1/2"]
[WhiteElo "2293"]
[BlackElo "1795"]
[PlyCount "104"]
[EventDate "2007.??.??"]
[EventType "swiss"]
[EventRounds "9"]
[EventCountry "DEN"]
[SourceDate "2005.12.01"]
[WhiteTeam "Denmark"]
[BlackTeam "Denmark"]
[WhiteTeamCountry "DEN"]
[BlackTeamCountry "DEN"]

1. e4 e5 2. Nf3 Nc6 3. Bb5 a6 4. Ba4 Nf6 5. O-O Be7 6. Re1 b5 7. Bb3 d6 8. c3
O-O 9. h3 Nb8 10. d3 Nbd7 11. Nbd2 Bb7 12. Nf1 Nc5 13. Bc2 Re8 14. Ng3 Bf8 15.
Nh2 d5 16. Qf3 g6 17. Bg5 Be7 18. Rad1 Ne6 19. Bxf6 Bxf6 20. Ng4 Bg7 21. exd5
Bxd5 22. Ne4 Kh8 23. Ne3 c6 24. Nxd5 cxd5 25. Ng3 Ra7 26. Nf1 Rd7 27. g3 Ng5
28. Qg2 e4 29. dxe4 dxe4 30. Nh2 f5 31. Rxd7 Qxd7 32. Rd1 Qc7 33. f4 exf3 34.
Nxf3 Ne4 35. Bxe4 Rxe4 36. Nd2 Re8 37. Nf3 h6 38. Re1 Rd8 39. Qf2 Qc4 40. a3
Qd5 41. Re2 Qc4 42. Qe3 Kh7 43. Rd2 Rxd2 44. Qxd2 Qe4 45. Kf2 a5 46. Qe2 Qd5
47. Qd2 Qc5+ 48. Qe3 Qc4 49. Qe2 Qc6 50. Qd3 Bf6 51. h4 Qc5+ 52. Ke2 h5 1/2-1/2

[Event "Baltic Sea Cup"]
[Site "Ronne"]
[Date "2007.07.31"]
[Round "2.27"]
[White "Noer, Martin Stampe"]
[Black "Hagen, Andreas Skytte"]
[Result "0-1"]
[WhiteElo "1766"]
[BlackElo "2256"]
[PlyCount "84"]
[EventDate "2007.??.??"]
[EventType "swiss"]
[EventRounds "9"]
[EventCountry "DEN"]
[SourceDate "2005.12.01"]
[WhiteTeam "Denmark"]
[BlackTeam "Denmark"]
[WhiteTeamCountry "DEN"]
[BlackTeamCountry "DEN"]

1. d4 d5 2. Bg5 h6 3. Bh4 c6 4. c3 Bf5 5. e3 Nd7 6. Bd3 Bxd3 7. Qxd3 Qb6 8. b3
e6 9. f4 g5 10. fxg5 Be7 11. Nf3 Qd8 12. Nbd2 hxg5 13. Bg3 Nh6 14. e4 g4 15.
Ne5 Nxe5 16. Bxe5 Bh4+ 17. g3 Bf6 18. Bxf6 Qxf6 19. Rf1 Qg6 20. O-O-O O-O-O 21.
Rf4 Rde8 22. Rdf1 f5 23. e5 Nf7 24. Qe2 Ng5 25. R4f2 Rh3 26. c4 Kb8 27. Kb2 Qg7
28. cxd5 cxd5 29. Rc1 a6 30. b4 Qd7 31. Kb3 Rd8 32. a4 Ne4 33. Rg2 Rh7 34. Qe3
b6 35. Qd3 Kb7 36. Qe3 Rc8 37. Rxc8 Qxc8 38. Nxe4 Qc4+ 39. Ka3 dxe4 40. Qd2 Rd7
41. Qb2 Rxd4 42. Rc2 Rd3+ 0-1

[Event "Baltic Sea Cup"]
[Site "Ronne"]
[Date "2007.07.31"]
[Round "2.28"]
[White "Lauridsen, Jesper Morch"]
[Black "Grandadam, Patrick"]
[Result "1-0"]
[WhiteElo "2302"]
[BlackElo "1918"]
[PlyCount "65"]
[EventDate "2007.??.??"]
[EventType "swiss"]
[EventRounds "9"]
[EventCountry "DEN"]
[SourceDate "2005.12.01"]
[WhiteTeam "Denmark"]
[BlackTeam "Denmark"]
[WhiteTeamCountry "DEN"]
[BlackTeamCountry "DEN"]

1. e4 e6 2. d4 d5 3. Bd3 Nf6 4. exd5 exd5 5. Nf3 Be7 6. O-O O-O 7. h3 Nc6 8. c3
Re8 9. Re1 h6 10. Bf4 Bd6 11. Rxe8+ Nxe8 12. Qd2 Qf6 13. Bxd6 Nxd6 14. Nh2 Nc4
15. Bxc4 dxc4 16. Na3 Qg6 17. Kh1 Be6 18. Re1 Bd5 19. f3 Kf8 20. Ng4 Ne7 21.
Ne5 Qg3 22. Nd7+ Ke8 23. Qe2 Qh4 24. Ne5 Kf8 25. Nb5 Nf5 26. Nd7+ Kg8 27. Qe8+
Rxe8 28. Rxe8+ Kh7 29. Nf8+ Kg8 30. Ng6+ Kh7 31. Nxh4 Nxh4 32. Nxc7 Bc6 33. Rd8
1-0

[Event "Baltic Sea Cup"]
[Site "Ronne"]
[Date "2007.07.31"]
[Round "2.29"]
[White "Titu Maiorescu, Dorin"]
[Black "Ochsner, Bjorn Moller"]
[Result "0-1"]
[WhiteElo "2273"]
[BlackElo "1841"]
[PlyCount "70"]
[EventDate "2007.??.??"]
[EventType "swiss"]
[EventRounds "9"]
[EventCountry "DEN"]
[SourceDate "2005.12.01"]
[WhiteTeam "Denmark"]
[BlackTeam "Denmark"]
[WhiteTeamCountry "DEN"]
[BlackTeamCountry "DEN"]

1. Nf3 Nf6 2. d3 g6 3. e4 d6 4. Be2 Bg7 5. O-O Nc6 6. c3 O-O 7. Nbd2 e5 8. b4
a6 9. a3 d5 10. Qc2 dxe4 11. dxe4 h6 12. Re1 Qe7 13. Nc4 Bg4 14. Ne3 Bxf3 15.
Bxf3 Rad8 16. Nd5 Qd6 17. Be3 b6 18. Rad1 Nxd5 19. exd5 Ne7 20. c4 f5 21. Qb3
Kh7 22. c5 Qf6 23. Be2 f4 24. Bc1 e4 25. Bf1 Qe5 26. d6 cxd6 27. cxd6 Nf5 28.
Bxa6 Nd4 29. Qc4 Rxd6 30. Bb7 f3 31. Bxe4 b5 32. Qc5 Ne2+ 33. Kf1 Rxd1 34. Rxd1
Qxe4 35. gxf3 Qxf3 0-1

[Event "Baltic Sea Cup"]
[Site "Ronne"]
[Date "2007.07.31"]
[Round "2.30"]
[White "Salama, Omar"]
[Black "Wiwe, Andreas"]
[Result "1-0"]
[WhiteElo "2173"]
[BlackElo "2187"]
[PlyCount "111"]
[EventDate "2007.??.??"]
[EventType "swiss"]
[EventRounds "9"]
[EventCountry "DEN"]
[SourceDate "2005.12.01"]
[WhiteTeam "Denmark"]
[BlackTeam "Denmark"]
[WhiteTeamCountry "DEN"]
[BlackTeamCountry "DEN"]

1. d4 f5 2. g3 Nf6 3. Bg2 g6 4. c4 Bg7 5. Nf3 O-O 6. Nc3 d6 7. O-O Qe8 8. d5 a5
9. Nd4 Na6 10. e4 Nxe4 11. Nxe4 fxe4 12. Bxe4 Bh3 13. Bg2 Bxg2 14. Kxg2 Nc5 15.
Re1 Qf7 16. f4 a4 17. Rb1 Rae8 18. Be3 e5 19. dxe6 Nxe6 20. Nf3 Qd7 21. Qd5 Qc6
22. b4 Qxd5 23. cxd5 Nd8 24. Bd4 c6 25. dxc6 bxc6 26. Bxg7 Kxg7 27. Nd4 Kf7 28.
Kf3 c5 29. bxc5 Rxe1 30. Rxe1 dxc5 31. Nb5 Ne6 32. Ke4 Rd8 33. Re2 Kf6 34. Rc2
Rd1 35. Rc4 Rd2 36. Rxa4 Rxh2 37. Ra6 Ke7 38. Ra7+ Kf6 39. g4 g5 40. f5 Nf4 41.
Ra6+ Kg7 42. Nd6 Re2+ 43. Kf3 Re1 44. Ra7+ Kg8 45. Ne4 c4 46. Rc7 Rf1+ 47. Kg3
Rg1+ 48. Kf2 Rg2+ 49. Kf3 Rxa2 50. Nf6+ Kf8 51. Nxh7+ Ke8 52. Nxg5 Nd3 53. Kg3
Ne5 54. f6 Ng6 55. f7+ Kf8 56. Ne6# 1-0

[Event "Baltic Sea Cup"]
[Site "Ronne"]
[Date "2007.07.31"]
[Round "2.31"]
[White "Christensen, Janus"]
[Black "Kraft, Rene"]
[Result "1-0"]
[WhiteElo "2137"]
[BlackElo "1678"]
[PlyCount "103"]
[EventDate "2007.??.??"]
[EventType "swiss"]
[EventRounds "9"]
[EventCountry "DEN"]
[SourceDate "2005.12.01"]
[WhiteTeam "Denmark"]
[BlackTeam "Denmark"]
[WhiteTeamCountry "DEN"]
[BlackTeamCountry "DEN"]

1. d4 d5 2. c4 dxc4 3. Nc3 Bd7 4. a4 c6 5. a5 e6 6. Bf4 Na6 7. e3 Bb4 8. Qg4
Nf6 9. Qxg7 Rg8 10. Qh6 Nd5 11. Qxh7 Rf8 12. Nge2 Bxa5 13. Bd6 Ne7 14. Nf4 Bb4
15. Be5 Nd5 16. Nfxd5 cxd5 17. Bg7 Nc7 18. Be2 Qg5 19. O-O a6 20. f4 Qg6 21.
Qxg6 fxg6 22. Bxf8 Kxf8 23. Na4 b5 24. Nb6 Rd8 25. Nxd7+ Rxd7 26. g4 Rh7 27. f5
gxf5 28. gxf5 Ke7 29. fxe6 Bd2 30. Rf3 a5 31. Rd1 Bb4 32. Rdf1 Nxe6 33. Rf5 Bd6
34. Rxd5 Bxh2+ 35. Kg2 Nc7 36. Rg5 Bd6 37. Rh1 Rxh1 38. Kxh1 Kf6 39. Rh5 Bb4
40. e4 a4 41. Rh6+ Ke7 42. Rc6 Ne6 43. Rb6 Nxd4 44. Bxc4 a3 45. bxa3 Bxa3 46.
Bxb5 Bc5 47. Rb7+ Kd6 48. Bc4 Ke5 49. Bd5 Ne2 50. Rb5 Ng3+ 51. Kg2 Nxe4 52.
Bxe4 1-0

[Event "Baltic Sea Cup"]
[Site "Ronne"]
[Date "2007.07.31"]
[Round "2.32"]
[White "Hoi, Carsten"]
[Black "Boje, Tobias Rosholm"]
[Result "1-0"]
[WhiteElo "2422"]
[BlackElo "1931"]
[PlyCount "81"]
[EventDate "2007.??.??"]
[EventType "swiss"]
[EventRounds "9"]
[EventCountry "DEN"]
[SourceDate "2005.12.01"]
[WhiteTeam "Denmark"]
[BlackTeam "Denmark"]
[WhiteTeamCountry "DEN"]
[BlackTeamCountry "DEN"]

1. d4 d5 2. Nf3 Nf6 3. c4 e6 4. Nc3 Nbd7 5. Bg5 Be7 6. e3 O-O 7. Rc1 a6 8. cxd5
exd5 9. Bd3 c6 10. O-O Re8 11. Qc2 Nf8 12. a3 h6 13. Bh4 Ne4 14. Bxe7 Qxe7 15.
Bxe4 dxe4 16. Nd2 f5 17. d5 Rd8 18. Nc4 Qf7 19. Nb6 Rb8 20. dxc6 bxc6 21. Nxc8
Rbxc8 22. Rfd1 Ng6 23. Ne2 Ne5 24. Nf4 g5 25. Qc3 gxf4 26. Qxe5 Qb3 27. Rd6
Rxd6 28. Qxd6 fxe3 29. Qg6+ Kh8 30. Qxh6+ Kg8 31. Qg5+ Kh8 32. fxe3 Qd5 33.
Qh5+ Kg8 34. Rd1 Qe6 35. Qg5+ Kh8 36. Qh4+ Kg8 37. Qg3+ Kf7 38. Rd6 Qa2 39.
Qg6+ Ke7 40. Qf6+ Ke8 41. Re6+ 1-0